AVR Microcontroller And Embedded Systems (Record no. 348105)

MARC details
000 -LEADER
fixed length control field 00507nam a2200169Ia 4500
008 - FIXED-LENGTH DATA ELEMENTS--GENERAL INFORMATION
fixed length control field 230718s9999 xx 000 0 und d
020 ## - INTERNATIONAL STANDARD BOOK NUMBER
International Standard Book Number 9789332518407
041 ## - LANGUAGE CODE
Language code of text/sound track or separate title eng
082 ## - DEWEY DECIMAL CLASSIFICATION NUMBER
Classification number 004.165
Item number MAZ
100 ## - MAIN ENTRY--PERSONAL NAME
Personal name Mazidi M.A.
245 ## - TITLE STATEMENT
Title AVR Microcontroller And Embedded Systems
Remainder of title Using Assembly And C
260 ## - PUBLICATION, DISTRIBUTION, ETC. (IMPRINT)
Date of publication, distribution, etc. 2015
Name of publisher, distributor, etc. Pearson
300 ## - PHYSICAL DESCRIPTION
Extent 743
Accompanying material [OBSOLETE, CAN/MARC] Ref 872 I (49555)
365 ## - TRADE PRICE
Currency code Rs.
Price amount 919.00
700 ## - ADDED ENTRY--PERSONAL NAME
Personal name Mazidi M.A.; Naimi S. & Naimi S.
906 ## - LOCAL DATA ELEMENT F, LDF (RLIN)
d O:0603114-Aug-2018B:914113-Aug-2018
c TI
b 1194.7
Holdings
Withdrawn status Lost status Damaged status Not for loan Home library Current library Date acquired Vendor Budget Code Cost, normal purchase price Bill number Total Checkouts Full call number Barcode Date last seen Date last checked out Discount Cost, replacement price Bill Date Koha item type Original Barcode
        Cummins College of Engineering for Women Pune Cummins College of Engineering for Women Pune 14/08/2018 The Forward Books TI 680.06 9141 5 004.165 CCEP-BK-59312 13/03/2026 26/02/2026 1194.7 919.00 13/08/2018 Books 059312